Folklore and the alternative modernities (vol.1)/ (Record no. 14842)

000 -LEADER
fixed length control field 00375nam a22001451a 4500
020 ## - INTERNATIONAL STANDARD BOOK NUMBER
ISBN 9788173736224
082 ## - DEWEY DECIMAL CLASSIFICATION NUMBER
Classification number R 398
Item number NAN/F
100 ## - MAIN ENTRY--AUTHOR NAME
Personal name Nandini Sahu
245 ## - TITLE STATEMENT
Title Folklore and the alternative modernities (vol.1)/
Statement of responsibility, etc by Nandini Sahu
260 ## - PUBLICATION, DISTRIBUTION, ETC. (IMPRINT)
Place of publication New Delhi:
Name of publisher Authors Press,
Year of publication 2012.
300 ## - PHYSICAL DESCRIPTION
Number of Pages 271p.
650 ## - SUBJECT ADDED ENTRY--TOPICAL TERM
Topical Term Folklore
650 ## - SUBJECT ADDED ENTRY--TOPICAL TERM
Topical Term Social Sciences
942 ## - ADDED ENTRY ELEMENTS (KOHA)
Koha item type Reference
Holdings
Withdrawn status Lost status Damaged status Not for loan Permanent Location Current Location Shelving location Date acquired Cost, normal purchase price Full call number Accession Number Cost, replacement price Price effective from Koha item type
        Sree Sankaracharya University of Sanskrit Sree Sankaracharya University of Sanskrit Reference 08.01.2015 750.00 398 NAN/F 065708 0.00 08.01.2015 Reference